MARC
| LEADER | 00000nam a2200000Ia 4500 | ||
|---|---|---|---|
| 008 | 170316s9999 xx 000 0 eng d | ||
| 999 | |c 28779 |d 28779 | ||
| 040 | |a cru BVZT | ||
| 090 | |a F-810 F-1m | ||
| 100 | |a Fairchild, John | ||
| 245 | 4 | |a The moonflower couple | |
| 260 | |a New York, Estados Unidos | ||
| 260 | |b Doubleday | ||
| 260 | |c 1967 | ||
| 300 | |a 261 páginas | ||
| 650 | |a LITERATURA ESTADOUNIDENSE |9 25 | ||
| 650 | |a FICCIÓN |9 26 | ||
| 942 | |c 15 D |h F-810 F-1m |2 z | ||
